LDR 00798naa#a2200169#i#450# 001 RU\FGKOU VO SPBU MVD ROSSII\bibl\125838 005 20260701032113.3 011 ## _a2071-8284 100 ## _a20260630b2026####ek#y0rusy0150####ca 101 0# _aRUS 102 ## _aRU 200 1# _aВандализм: эволюция понятия и проблемы уголовно-правовой квалификации в XXI веке _eЖурнальная статья 210 1# _aСанкт-Петербург _cСАНКТ-ПЕТЕРБУРГСКИЙ УНИВЕРСИТЕТ МИНИСТЕРСТВА ВНУТРЕННИХ ДЕЛ РОССИЙСКОЙ ФЕДЕРАЦИИ _d2026 215 ## _a8 с. 608 ## _aЖурнальная статья _2local 700 #1 _aЧудинова _gМария Сергеевна 856 4# _aepinb.ru _u